Jsou daně připraveny na reformu?

Daňová reforma je integrálnou súčasťou ekonomickej reformy. Zložitosť situácie štátnych rozpočtov v súčasnosti. Rastúce nároky na výdavky a neistota na strane rozpočtových príjmov. Objektívny pohľad na súvislosti medzi rastom cien, infláciou a privatizáciou na jednej strane a príjmami štátneho rozpo...

Descrizione completa

Salvato in:
Dettagli Bibliografici
Autore principale: Štěpánek, Petr
Natura: Capitolo di libro
Lingua:ceco
Soggetti:
Tags: Aggiungi Tag
Nessun Tag, puoi essere il primo ad aggiungerne!!

MARC

LEADER 00000naa a2200000 4500
001 r002276
005 20221125080037.4
041 0 |a cze 
044 |a [CS] 
245 1 0 |a Jsou daně připraveny na reformu?  |c P. Štěpánek 
520 |a Daňová reforma je integrálnou súčasťou ekonomickej reformy. Zložitosť situácie štátnych rozpočtov v súčasnosti. Rastúce nároky na výdavky a neistota na strane rozpočtových príjmov. Objektívny pohľad na súvislosti medzi rastom cien, infláciou a privatizáciou na jednej strane a príjmami štátneho rozpočtu na strane druhej. 
610 2 0 |a reformy daňové 
610 2 0 |a rozpočet štátny 
610 2 0 |a zvyšovanie cien 
610 2 0 |a inflácia 
610 2 0 |a privatizácia 
610 2 0 |a príjmy rozpočtu štátneho 
610 2 0 |a ČSFR 
100 1 |a Štěpánek, Petr